000 00927nam a2200253Ia 4500
003 OSt
005 20221005110530.0
006 a|||||r|||| 00| 0
007 ta
008 221004b |||||||| |||| 00| 0 hin d
020 _a8177141880 (hbk)
_c500
024 _a86686
037 _b156, 28/03/2007, Swaraj Book Distributor
_cTextual
040 _aCRL
_cCRL
_bhin
041 _2hin
_ahin
082 _aO152,1I80x, P6
100 _aशुक्ल, रामचन्द्र, संपा.
245 0 _aजायसी ग्रंथावली
246 _aJāyasī granthāvalī
260 _aनई दिल्ली
_bप्रकाशन संस्थान भारत
_c2006
300 _a491पृ.0
_ccm.
942 _hO152,1I80x, P6
_cTEXL
_2cc
999 _c1019104
_d1019104